Online
Catalog

Breve historia dominicana / (Record no. 21316)

MARC details
000 -CABECERA
campo de control de longitud fija 01044nam a2200289 i 4500
003 - IDENTIFICADOR DEL NÚMERO DE CONTROL
campo de control DO-SdBNP
005 - FECHA Y HORA DE LA ÚLTIMA TRANSACCIÓN
campo de control 20260602204045.0
007 - CAMPO FIJO DE DESCRIPCIÓN FÍSICA--INFORMACIÓN GENERAL
campo de control de longitud fija ta
008 - DATOS DE LONGITUD FIJA--INFORMACIÓN GENERAL
campo de control de longitud fija 100913s1999 dr g 000 0 spa d
040 ## - FUENTE DE LA CATALOGACIÓN
Centro catalogador/agencia de origen DO-SdBNP
Lengua de catalogación spa
Centro/agencia transcriptor BNPHU
Normas de descripción rda
041 ## - CÓDIGO DE LENGUA
Código de lengua del texto/banda sonora o título independiente spa
082 ## - NÚMERO DE LA CLASIFICACIÓN DECIMAL DEWEY
Número de clasificación 972.93
Número de documento/Ítem M516b, 1999
Número de edición 23
100 1# - ENTRADA PRINCIPAL--NOMBRE DE PERSONA
Código de función/relación aut.
Nombre de persona Mejía-Ricart G., Tirso,
Fechas asociadas al nombre 1936-2021
Forma completa/desarrollada del nombre (Mejía-Ricart Guzmán)
9 (RLIN) 1569
Término indicativo de función/relación autor
245 10 - MENCIÓN DE TÍTULO
Título Breve historia dominicana /
Mención de responsabilidad, etc. Tirso Mejía-Ricart Guzmán
250 ## - MENCIÓN DE EDICIÓN
Mención de edición 7a. edición
264 #1 - PRODUCCIÓN, PUBLICACIÓN, DISTRIBUCIÓN, FABRICACIÓN Y COPYRIGHT
Producción, publicación, distribución, fabricación y copyright Santo Domingo, República Dominicana :
Nombre del de productor, editor, distribuidor, fabricante Amigo del Hogar,
Fecha de producción, publicación, distribución, fabricación o copyright 1999
300 ## - DESCRIPCIÓN FÍSICA
Extensión 59 páginas ;
Dimensiones 23 cm.
Material acompañante/anejo + partitura
336 ## - TIPO DE CONTENIDO
Término de tipo de contenido texto
Código de tipo de contenido txt
Fuente rdacontent
337 ## - TIPO DE MEDIO
Nombre/término del tipo de medio sin mediación
Código del tipo de medio n
Fuente rdamedia
338 ## - TIPO DE SOPORTE
Nombre/término del tipo de soporte volumen
Código del tipo de soporte nc
Fuente rdacarrier
500 ## - NOTA GENERAL
Nota general Incluye datos biográficos del el autor en la solapa de la cubierta.
590 ## - NOTA LOCAL (RLIN)
Nota local Inventariado, 2024/ YL
651 ## - PUNTO DE ACCESO ADICIONAL DE MATERIA--NOMBRE GEOGRÁFICO
Nombre geográfico República Dominicana
Subdivisión de forma Compendios, sinopsis, etc.
Subdivisión general Historia
9 (RLIN) 89851
651 ## - PUNTO DE ACCESO ADICIONAL DE MATERIA--NOMBRE GEOGRÁFICO
Nombre geográfico República Dominicana
Subdivisión general Manuales
9 (RLIN) 89852
910 ## - DATOS DE OPCIÓN DEL USUARIO (OCLC)
Datos de opción del usuario YLockward
942 ## - ELEMENTOS DE PUNTO DE ACCESO ADICIONAL (KOHA)
Fuente del sistema de clasificación o colocación Dewey Decimal Classification
Tipo de ítem Koha Libro
Holdings
Estado de retiro Estado de pérdida Fuente del sistema de clasificación o colocación Restricciones de uso No para préstamo Código de colección Localización permanente Ubicación/localización actual Ubicación en estantería Fecha de adquisición Número de inventario Total de préstamos Signatura topográfica completa Código de barras Fecha visto por última vez Tipo de ítem Koha Número de copia Precio válido a partir de Nota pública
    Dewey Decimal Classification Excluido de préstamo   Patrimonio Dominicano Biblioteca Nacional Pedro Henríquez Ureña Biblioteca Nacional Pedro Henríquez Ureña En catalogación 13.09.2010 LF1   BNPHU PD xxx M516b 21818-10 25.06.2020 Libro      
    Dewey Decimal Classification Excluido de préstamo   Patrimonio Dominicano Biblioteca Nacional Pedro Henríquez Ureña Biblioteca Nacional Pedro Henríquez Ureña En catalogación 13.09.2010 LF1   BNPHU PD 972.93 M516b, 1999 2024-6311 01.11.2024 Libro e. 2 01.11.2024 Perteneció a la biblioteca personal de Emilio Cordero Michel

Powered by Koha